[Event "Ì13Ï"]
[Site "Loo"]
[Date "2017.04.23"]
[Round "4.39"]
[White "Áðàòîâ, Àäåìèð."]
[Black "Æåðäåâ, Ñâÿòîñëàâ."]
[Result "1-0"]
[WhiteElo "1579"]
[BlackElo "1293"]
[PlyCount "89"]
[EventDate "2017.04.20"]

1. e4 d5 2. exd5 Nf6 3. Nf3 Nxd5 4. d4 g6 5. c4 Nb6 6. Nc3 Bg7 7. Be3 O-O 8.
Be2 Nc6 9. d5 Ne5 10. Nxe5 Bxe5 11. O-O f5 12. f4 Bf6 13. Bd4 Nd7 14. Bf3 Re8
15. Re1 Bxd4+ 16. Qxd4 Nf6 17. Rad1 Bd7 18. c5 c6 19. dxc6 bxc6 20. Qc4+ Kg7
21. Bxc6 Qc7 22. Bxd7 Nxd7 23. Nd5 Qc6 24. Qd4+ Kf7 25. b4 Rad8 26. Qc4 e6 27.
Nc3 Nb6 28. Qb5 Qxb5 29. Nxb5 Nd5 30. Nd6+ Rxd6 31. cxd6 Rd8 32. Rd4 Rxd6 33.
Rc4 Ke8 34. g3 Kd7 35. Rec1 Rb6 36. a3 a6 37. Kf2 Rd6 38. Rc8 Rb6 39. Rg8 Nf6
40. Rg7+ Kd8 41. Rcc7 Rd6 42. Ra7 Ne4+ 43. Ke1 Rd1+ 44. Kxd1 Nc3+ 45. Kc2 1-0

[Event "Ì13Ï"]
[Site "Loo"]
[Date "2017.04.23"]
[Round "4.41"]
[White "Ñåðîâ, Àëåêñàíäð."]
[Black "Þäèí, Äàíèë."]
[Result "1/2-1/2"]
[WhiteElo "1539"]
[BlackElo "1374"]
[PlyCount "117"]
[EventDate "2017.04.20"]

1. d4 Nf6 2. c4 e6 3. Nc3 Bb4 4. e3 b6 5. Nf3 Bb7 6. Bd3 d5 7. O-O O-O 8. cxd5
exd5 9. a3 Bxc3 10. bxc3 Ba6 11. Bxa6 Nxa6 12. Qe2 Nb8 13. Bb2 Nbd7 14. Rac1 c5
15. c4 Qe7 16. dxc5 Nxc5 17. cxd5 Nxd5 18. Rfd1 Rfd8 19. Nd4 Qe4 20. Nc6 Nf4
21. Qg4 Rxd1+ 22. Rxd1 Ne2+ 23. Qxe2 Qxc6 24. Qc4 Qg6 25. Qd5 Rf8 26. h3 h6 27.
Qe5 f6 28. Qd5+ Kh8 29. Qd6 Re8 30. Bd4 Qc2 31. Bxc5 bxc5 32. Qd3 Qxd3 33. Rxd3
Re4 34. f3 Ra4 35. Kf2 Kg8 36. e4 Kf7 37. Rc3 Ke6 38. h4 Kd6 39. Ke3 Kc6 40. g4
Kb5 41. h5 Ra6 42. Kf4 Rd6 43. Rb3+ Kc6 44. Kf5 Rd7 45. f4 Rb7 46. Rc3 Rd7 47.
g5 hxg5 48. fxg5 fxg5 49. Kxg5 Re7 50. Kf5 Rf7+ 51. Kg6 Re7 52. Kf5 Rf7+ 53.
Ke6 Rf4 54. e5 Rh4 55. Kf7 Rxh5 56. e6 Rf5+ 57. Kxg7 Kd6 58. Re3 Ke7 59. Rb3
1/2-1/2

[Event "Ì13Ï"]
[Site "Loo"]
[Date "2017.04.23"]
[Round "4.42"]
[White "Õàëèóëëèí, Àëüáåðò."]
[Black "Åâñòàôüåâ, Ãåîðãèé."]
[Result "1-0"]
[WhiteElo "1930"]
[BlackElo "1427"]
[PlyCount "85"]
[EventDate "2017.04.20"]

1. e4 c6 2. d4 d5 3. exd5 cxd5 4. Bd3 Nc6 5. c3 Nf6 6. Bf4 Bg4 7. Qb3 Na5 8.
Qc2 e6 9. Nd2 Bd6 10. Bxd6 Qxd6 11. Ngf3 Rc8 12. O-O O-O 13. Ne5 Bh5 14. Ndf3
Bg6 15. Nxg6 hxg6 16. Rfe1 Nc6 17. Qd2 Nd7 18. Qg5 Qe7 19. Qg3 Nf6 20. Ne5 Qc7
21. Qh4 Qd8 22. Re3 Nh7 23. Qh3 Ng5 24. Qg3 Nh7 25. f4 Nf6 26. Rf1 Ne7 27. Qh3
Nf5 28. Re2 Re8 29. g4 Nd6 30. Nxg6 fxg6 31. Bxg6 Nf7 32. g5 Kf8 33. gxf6 Qxf6
34. Rg2 Red8 35. f5 e5 36. Bxf7 Kxf7 37. dxe5 Qxe5 38. Qh5+ Kf8 39. Re2 Qf6 40.
Re6 Qf7 41. Qh4 b5 42. Rfe1 Rd7 43. Qh8+ 1-0

[Event "Ì13Ï"]
[Site "Loo"]
[Date "2017.04.23"]
[Round "4.43"]
[White "×óêëèí, Èâàí."]
[Black "Ðûáèí, Ýäóàðä."]
[Result "1-0"]
[WhiteElo "1791"]
[BlackElo "1422"]
[PlyCount "81"]
[EventDate "2017.04.20"]

1. e4 e6 2. d4 d5 3. Nc3 Nf6 4. e5 Nfd7 5. f4 c5 6. Nf3 Nc6 7. Be3 Be7 8. Qd2
O-O 9. O-O-O a6 10. dxc5 Nxc5 11. Qf2 Nd7 12. g4 b5 13. Bd3 Qa5 14. Nd2 Bb7 15.
Nb3 Qc7 16. Nd4 Nxd4 17. Bxd4 Bc5 18. Qh4 g6 19. Ne2 Rac8 20. Rhf1 Qb6 21. Rf3
Bxd4 22. Rh3 Be3+ 23. Kb1 h5 24. gxh5 Qd8 25. Qg4 Nxe5 26. fxe5 Qg5 27. Qxg5
Bxg5 28. Rg1 Bh6 29. hxg6 Bg7 30. gxf7+ Rxf7 31. Nd4 Re8 32. Bg6 Bxe5 33. Bxf7+
Kxf7 34. Rh7+ Kf8 35. Nxe6+ Rxe6 36. Rxb7 Bxh2 37. Rf1+ Ke8 38. a3 Re7 39. Rb6
Ra7 40. Rff6 Kd7 41. Rf7+ 1-0

[Event "Ì13Ï"]
[Site "Loo"]
[Date "2017.04.23"]
[Round "4.44"]
[White "Ïóãèí, Ñòåïàí."]
[Black "Ëîêòèîíîâ, Êèðèëë."]
[Result "1-0"]
[WhiteElo "1425"]
[BlackElo "1627"]
[PlyCount "99"]
[EventDate "2017.04.20"]

1. e4 c5 2. b3 Nc6 3. Bb2 e5 4. Bc4 d6 5. Nc3 a6 6. a4 Nf6 7. d3 Rb8 8. Nge2
Nd4 9. Nxd4 cxd4 10. Nd5 Nxd5 11. Bxd5 f5 12. O-O f4 13. Qf3 Qg5 14. Qe2 h5 15.
c3 dxc3 16. Bxc3 Be7 17. d4 Bf6 18. dxe5 dxe5 19. Bb4 Be7 20. Bxe7 Qxe7 21.
Rac1 g6 22. Qc4 f3 23. Qc7 Qxc7 24. Rxc7 Bd7 25. Rxb7 Rxb7 26. Bxb7 a5 27. gxf3
Bh3 28. Rc1 O-O 29. Rc3 Kg7 30. f4 Be6 31. fxe5 Rd8 32. Kg2 h4 33. Kf3 Kh6 34.
Ke3 Rd1 35. Bd5 Bxd5 36. exd5 Rxd5 37. Ke4 Rd1 38. e6 Kg7 39. Ke5 g5 40. Rc7+
Kg6 41. Rd7 Re1+ 42. Kd6 Kf6 43. Rf7+ Kg6 44. Ke7 Re2 45. h3 Re1 46. Rf3 Rd1
47. Ke8 Rd2 48. e7 Rd1 49. Kf8 Kh7 50. e8=Q 1-0

[Event "Ì13Ï"]
[Site "Loo"]
[Date "2017.04.23"]
[Round "4.45"]
[White "Çóðàáÿí, Âàãå."]
[Black "Íèêîëàåâ, Àíäðåé."]
[Result "0-1"]
[WhiteElo "1591"]
[BlackElo "1406"]
[PlyCount "166"]
[EventDate "2017.04.20"]

1. c4 c5 2. g3 Nc6 3. Bg2 d6 4. Nc3 Bd7 5. Nf3 g6 6. O-O Bg7 7. b3 Nf6 8. Bb2
O-O 9. e3 Bf5 10. d4 cxd4 11. exd4 Qb6 12. d5 Nb4 13. Na4 Qc7 14. Nd4 Bd7 15.
Qd2 Bxa4 16. Qxb4 Bd7 17. Rfe1 Rfe8 18. Re2 Rab8 19. Rae1 Qd8 20. c5 a5 21. Qc3
dxc5 22. Qxc5 Rc8 23. Qa3 b5 24. Nc6 Bxc6 25. dxc6 e6 26. Qc5 b4 27. Qc2 Qb6
28. Rd1 Qc7 29. Be5 Qb6 30. Red2 Nd5 31. Bxg7 Kxg7 32. Bxd5 exd5 33. Rxd5 Rxc6
34. Qb2+ Kg8 35. Qd2 Rce6 36. Rd8 Re2 37. Qxe2 Rxd8 38. Rxd8+ Qxd8 39. Qe5 Qb6
40. h4 h5 41. Kg2 Qc6+ 42. Kg1 Qc1+ 43. Kg2 Qc6+ 44. Kg1 Qc1+ 45. Kg2 Qc6+ 46.
Kf1 Qc1+ 47. Kg2 Qc6+ 48. Kg1 Qc1+ 49. Kg2 Qc6+ 50. Kf1 Qc1+ 51. Kg2 Qc6+ 52.
Kf1 Qc1+ 53. Kg2 Qc6+ 54. Kg1 Qc1+ 55. Kg2 Qc6+ 56. Kg1 Qc1+ 57. Kg2 Qc6+ 58.
Kf1 Qc1+ 59. Qe1 Qc6 60. Qe5 Qc1+ 61. Qe1 Qc6 62. Qe7 Qc1+ 63. Qe1 Qc6 64. Qe3
Qc2 65. Qe8+ Kg7 66. Qe5+ Kg8 67. Qxa5 Qb1+ 68. Kg2 Qe4+ 69. Kh2 Qe2 70. Qa7
Kg7 71. Kg2 Qb2 72. Qc5 Qc3 73. Qc4 Qd2 74. Qe4 Qc3 75. Qe7 Qc6+ 76. Kf1 Qc3
77. a3 Qa1+ 78. Kg2 bxa3 79. b4 Qb2 80. b5 a2 81. b6 a1=Q 82. b7 Qa7 83. b8=Q
Qaxb8 0-1

[Event "Ì13Ï"]
[Site "Loo"]
[Date "2017.04.23"]
[Round "4.46"]
[White "Õàéðóëëèí, Àìèð."]
[Black "Ëèëÿê, Àðñåíèé."]
[Result "1/2-1/2"]
[WhiteElo "1518"]
[BlackElo "1349"]
[PlyCount "56"]
[EventDate "2017.04.20"]

1. e4 e5 2. Nf3 Nc6 3. d4 exd4 4. Bc4 Bc5 5. O-O Nf6 6. e5 d5 7. exf6 dxc4 8.
fxg7 Rg8 9. Re1+ Be6 10. Bg5 Qd5 11. Nc3 Qf5 12. Ne4 Be7 13. Bxe7 Nxe7 14. Qxd4
Nd5 15. Qxd5 Qxd5 16. Nf6+ Kd8 17. Nxd5 Bxd5 18. Rad1 c6 19. Ne5 Rxg7 20. f3
Kc7 21. Rd4 Re8 22. Kf2 Reg8 23. g3 b5 24. Red1 Rd8 25. Re1 Rdg8 26. Red1 Rd8
27. Re1 Rdg8 28. Red1 Rd8 1/2-1/2

[Event "Ì13Ï"]
[Site "Loo"]
[Date "2017.04.23"]
[Round "4.47"]
[White "Äèêóíîâ, Àðòåì."]
[Black "Ýêèìîâ, Ïàâåë."]
[Result "1-0"]
[WhiteElo "1518"]
[BlackElo "1346"]
[PlyCount "95"]
[EventDate "2017.04.20"]

1. d4 d5 2. c4 dxc4 3. e3 e5 4. Nf3 exd4 5. Qxd4 Qxd4 6. Nxd4 c6 7. Bxc4 Nf6 8.
Nc3 Bb4 9. Bd2 O-O 10. O-O Nbd7 11. Rfd1 Ne5 12. Be2 Bg4 13. h3 Bxe2 14. Ncxe2
Bxd2 15. Rxd2 Rfd8 16. Nb3 Rxd2 17. Nxd2 Rd8 18. Nd4 c5 19. N4f3 Nxf3+ 20. Nxf3
b6 21. Kf1 h6 22. Ke2 Kf8 23. Rd1 Rxd1 24. Kxd1 Nd7 25. Kd2 Ke7 26. Kc3 Ke6 27.
Kc4 a6 28. a4 Ne5+ 29. Nxe5 Kxe5 30. a5 bxa5 31. Kxc5 Ke4 32. Kb6 a4 33. Ka5
Kd3 34. Kxa4 Kc2 35. b4 Kc3 36. Ka5 Kc4 37. f4 f5 38. g4 g6 39. gxf5 gxf5 40.
Kxa6 Kxb4 41. Kb6 Kc4 42. Kc6 Kd3 43. Kd5 h5 44. Ke5 Kxe3 45. Kxf5 Kf3 46. h4
Kg3 47. Kg5 Kf3 48. f5 1-0

[Event "Ì13Ï"]
[Site "Loo"]
[Date "2017.04.23"]
[Round "4.48"]
[White "Êîíüêîâ, Ìèõàèë."]
[Black "Ìíàöàêàíÿí, Òèãðàí."]
[Result "1-0"]
[WhiteElo "1497"]
[BlackElo "1320"]
[PlyCount "81"]
[EventDate "2017.04.20"]

1. d4 Nf6 2. c4 c5 3. d5 b5 4. Nd2 a6 5. f3 g6 6. b3 Bg7 7. Bb2 O-O 8. e4 b4 9.
Qc2 d6 10. Ne2 Bd7 11. g4 a5 12. Ng3 a4 13. g5 Ne8 14. h4 Bxb2 15. Qxb2 a3 16.
Qc2 e5 17. Bh3 Ra7 18. O-O-O Kg7 19. Rh2 Rh8 20. Rdh1 Bxh3 21. Rxh3 Nd7 22.
Ndf1 Nf8 23. Qd2 Kg8 24. Nh2 Qd7 25. Ng4 Qe7 26. Nh6+ Kg7 27. Ngf5+ gxf5 28.
Nxf5+ Kg8 29. Nxe7+ Rxe7 30. h5 Ng7 31. Qg2 Rd7 32. Qg4 Re7 33. h6 Ne8 34. f4
Ng6 35. f5 Nf4 36. Rg3 Kf8 37. Rf1 Rg8 38. Rxf4 exf4 39. Qxf4 Re5 40. g6 Rh8
41. g7+ 1-0

[Event "Ì13Ï"]
[Site "Loo"]
[Date "2017.04.23"]
[Round "4.49"]
[White "Àâäóøèí, Íèêèòà."]
[Black "Íóäèí, Âëàäèñëàâ."]
[Result "0-1"]
[WhiteElo "1262"]
[BlackElo "1493"]
[PlyCount "64"]
[EventDate "2017.04.20"]

1. d4 d5 2. e3 Bf5 3. Bd3 Bxd3 4. Qxd3 e6 5. f4 c6 6. Nf3 Bd6 7. c4 Nf6 8. c5
Bc7 9. Nc3 Nbd7 10. O-O b6 11. b4 a5 12. Ba3 axb4 13. Bxb4 bxc5 14. Bxc5 Nxc5
15. dxc5 Ra5 16. Nd4 Rxc5 17. Na4 Rc4 18. Nb2 c5 19. Nxe6 fxe6 20. Nxc4 dxc4
21. Qxc4 Qd5 22. Qxd5 exd5 23. a4 Ba5 24. Rab1 Bb4 25. Rfc1 Kd7 26. Ra1 Ra8 27.
Rd1 Kc6 28. h3 h5 29. Kh2 Re8 30. a5 Rxe3 31. a6 Re8 32. Rd3 Ra8 {
äàëåå çàïèñü íåðàçáîð~~èâà} 0-1

[Event "Ì13Ï"]
[Site "Loo"]
[Date "2017.04.23"]
[Round "4.50"]
[White "Ñàíêóëîâ, Èëüÿ."]
[Black "Ñìèðíîâ, ßðîñëàâ."]
[Result "0-1"]
[WhiteElo "1225"]
[BlackElo "1488"]
[PlyCount "54"]
[EventDate "2017.04.20"]

1. e4 c5 2. Nf3 e6 3. Nc3 d6 4. d4 cxd4 5. Qxd4 Nc6 6. Qd1 Nf6 7. Bg5 Be7 8.
Bc4 a6 9. a4 b6 10. O-O Bb7 11. Re1 O-O 12. e5 dxe5 13. Nxe5 Qc7 14. Bxf6 Bxf6
15. Nd7 Bxc3 16. bxc3 Rfd8 17. Nf6+ gxf6 18. Qg4+ Kh8 19. Qh4 Qe7 20. Qh6 Rg8
21. Bd3 Rg7 22. Rab1 Ne5 23. Be4 Bxe4 24. Rxe4 Rag8 25. g3 Rg6 26. Qh3 Nf3+ 27.
Kg2 Ng5 0-1

[Event "Ì13Ï"]
[Site "Loo"]
[Date "2017.04.23"]
[Round "4.51"]
[White "Ðîãèíñêèé, Ðîäèîí."]
[Black "Àçèìîâ, Òèìóð."]
[Result "0-1"]
[WhiteElo "1485"]
[BlackElo "1281"]
[PlyCount "60"]
[EventDate "2017.04.20"]

1. e4 c5 2. Nc3 d6 3. f4 Nc6 4. Nf3 g6 5. Bc4 Bg7 6. d3 Nf6 7. O-O O-O 8. Qe1
a6 9. f5 b5 10. Bb3 Na5 11. Qh4 Nxb3 12. axb3 gxf5 13. Bh6 Bxh6 14. Qxh6 Ng4
15. Qg5+ Kh8 16. exf5 Rg8 17. Qf4 Nf6 18. Ng5 Qf8 19. Nce4 Nxe4 20. Nxe4 Qg7
21. Ng3 Qxb2 22. Rac1 Qg7 23. Qf3 Rb8 24. Nh5 Qd4+ 25. Kh1 Bb7 26. Qf2 Bxg2+
27. Qxg2 Rxg2 28. Kxg2 Rg8+ 29. Kf3 Qg4+ 30. Ke3 Qxh5 0-1

[Event "Ì13Ï"]
[Site "Loo"]
[Date "2017.04.23"]
[Round "4.52"]
[White "Õîëîïîâ, Ðîìàí."]
[Black "Ãîðÿ÷åâ, Âëàäèñëàâ."]
[Result "0-1"]
[WhiteElo "1199"]
[BlackElo "1479"]
[PlyCount "82"]
[EventDate "2017.04.20"]

1. e4 c5 2. d3 Nc6 3. g3 g6 4. Bg2 Bg7 5. c3 d6 6. f4 Bd7 7. Nf3 Nf6 8. O-O O-O
9. Be3 Rb8 10. Nbd2 Ng4 11. Bf2 Nxf2 12. Rxf2 b5 13. Nh4 b4 14. Qc1 bxc3 15.
bxc3 Qa5 16. Nb3 Qxc3 17. Qd1 Qb4 18. Rb1 Bd4 19. f5 Bxf2+ 20. Kxf2 Nd4 21.
fxg6 fxg6+ 22. Kg1 Nxb3 23. Rxb3 Qd4+ 24. Kh1 Rxb3 25. Qxb3+ Kg7 26. Nf3 Qb4
27. Qd1 Rb8 28. Nd2 Be6 29. Qe2 Bxa2 30. e5 Rf8 31. Nf3 Qb1+ 32. Ng1 a5 33.
exd6 exd6 34. Qe7+ Rf7 35. Qxd6 Qb2 36. Qxc5 Rf2 37. Qa7+ Bf7 38. Qa8 a4 39. d4
a3 40. Qe4 a2 41. Qe5+ Rf6 0-1

[Event "Ì13Ï"]
[Site "Loo"]
[Date "2017.04.23"]
[Round "4.54"]
[White "Øèëÿåâ, Ìàðê."]
[Black "Èîíà, Àëåêñàíäð."]
[Result "1-0"]
[WhiteElo "1469"]
[BlackElo "1277"]
[PlyCount "63"]
[EventDate "2017.04.20"]

1. e4 d5 2. exd5 Qxd5 3. Nc3 Qa5 4. d4 Nf6 5. Nf3 Bg4 6. h3 Bh5 7. g4 Bg6 8.
Ne5 e6 9. Bg2 c6 10. h4 Bb4 11. Bd2 Qb6 12. a3 Bxc3 13. Bxc3 Be4 14. Bxe4 Nxe4
15. Qf3 Nd6 16. Bb4 Qxd4 17. Bxd6 Qxd6 18. Qxf7+ Kd8 19. Qxg7 Qf8 20. Nf7+ Ke8
21. Qxh8 Kxf7 22. Qxf8+ Kxf8 23. Rd1 Ke7 24. O-O Nd7 25. Rfe1 Rf8 26. Kg2 Rg8
27. Kh3 Nf6 28. f3 Nd5 29. Re4 Rf8 30. Kg3 Nf6 31. Re5 Nd5 32. Rd4 {
äàëåå çàïèñü íåðàçáîð~~èâà} 1-0

[Event "Ì13Ï"]
[Site "Loo"]
[Date "2017.04.23"]
[Round "4.55"]
[White "Âàðçèåâ, Êîíñòàíòèí."]
[Black "Áóñûãèí, Êèðèëë."]
[Result "0-1"]
[WhiteElo "1175"]
[BlackElo "1468"]
[PlyCount "110"]
[EventDate "2017.04.20"]

1. c4 e5 2. Nc3 Nc6 3. d3 Bc5 4. e4 a6 5. g3 d6 6. Bg2 Nge7 7. Nge2 O-O 8. O-O
f5 9. Kh1 fxe4 10. Nxe4 Bb6 11. Qb3 Kh8 12. Be3 Bxe3 13. fxe3 Ng6 14. a3 Rb8
15. Qc2 Bf5 16. N2c3 Qd7 17. Nf2 Nce7 18. Nce4 b6 19. b4 c6 20. Nc3 Rbc8 21. e4
Be6 22. Rad1 Qc7 23. Ne2 d5 24. c5 b5 25. Bh3 Qd7 26. Bg2 d4 27. Ng1 Rf7 28.
Nfh3 Rcf8 29. Ng5 Rxf1 30. Rxf1 Rxf1 31. Bxf1 Bg8 32. Bh3 Qe8 33. Qf2 Nf8 34.
N1f3 h6 35. Nxe5 hxg5 36. Qe2 Neg6 37. Qh5+ Bh7 38. Nxg6+ Qxg6 39. Qxg6 Bxg6
40. Bc8 Be8 41. Kg2 Nd7 42. Kf2 Ne5 43. Ke2 Bd7 44. Bxa6 Kg8 45. Bb7 Kf7 46.
Ba6 Ke7 47. a4 bxa4 48. Kd2 a3 49. Kc2 a2 50. Kb2 Be6 51. Ka1 Kd8 52. b5 Nxd3
53. bxc6 Nxc5 54. Bf1 Nb3+ 55. Kxa2 Nd2+ 0-1

[Event "Ì13Ï"]
[Site "Loo"]
[Date "2017.04.23"]
[Round "4.56"]
[White "Ñàðêèñÿí, Àðòåì."]
[Black "Äàâèäÿí, Âëàäèìèð."]
[Result "0-1"]
[WhiteElo "1467"]
[BlackElo "1252"]
[PlyCount "74"]
[EventDate "2017.04.20"]

1. d4 d5 2. c4 e6 3. Nc3 Nf6 4. Nf3 Be7 5. Bg5 Nbd7 6. e3 O-O 7. Bd3 dxc4 8.
Bxc4 a6 9. O-O b5 10. Bd3 Bb7 11. a3 c5 12. dxc5 Nxc5 13. Be2 Rc8 14. h3 Qxd1
15. Raxd1 Rfd8 16. Nd4 h6 17. Bh4 g5 18. Bg3 Nce4 19. Nxe4 Nxe4 20. Bh2 Bf6 21.
Bf3 Bxd4 22. exd4 Bd5 23. Rfe1 f5 24. Rc1 Rc4 25. Rxc4 bxc4 26. Be5 Rd7 27. Re2
Rb7 28. Bh5 Rb6 29. f3 Nd6 30. h4 gxh4 31. g3 Nf7 32. Bf6 hxg3 33. Rg2 f4 34.
Bxf7+ Kxf7 35. Be5 c3 36. b4 Bxf3 37. Rc2 Rc6 {äàëåå çàïèñü íåðàçáîð~~èâà} 0-1

[Event "Ì13Ï"]
[Site "Loo"]
[Date "2017.04.23"]
[Round "4.58"]
[White "Ëîáîâ, Àëåêñàíäð."]
[Black "Ðîäèí, Àëåêñàíäð."]
[Result "1-0"]
[WhiteElo "1447"]
[BlackElo "1207"]
[PlyCount "139"]
[EventDate "2017.04.20"]

1. d4 Nc6 2. Nf3 d6 3. Bf4 Nf6 4. c3 Bf5 5. h3 Qd7 6. e3 a6 7. Nbd2 e6 8. Be2
Be7 9. Nh4 h6 10. Nxf5 exf5 11. Qc2 O-O-O 12. O-O-O d5 13. Rhe1 Rhe8 14. Bd3 g6
15. Bxh6 Ne4 16. Nxe4 fxe4 17. Be2 g5 18. h4 gxh4 19. Bf4 Rg8 20. g3 h3 21. Rh1
Kb8 22. Rh2 Rg7 23. Rdh1 Rh8 24. Qd1 Qe6 25. Qf1 Rgh7 26. g4 Bd6 27. Bxd6 Qxd6
28. Rxh3 Rxh3 29. Rxh3 Rg8 30. Qh1 Qf6 31. Qh2 Nd8 32. Rh6 Qg7 33. Rh7 Qf6 34.
Qh4 Qxh4 35. Rxh4 Ne6 36. Kd2 Ng5 37. b3 c6 38. Rh6 Kc7 39. c4 Kd7 40. cxd5
cxd5 41. Rf6 Rg6 42. Rxg6 fxg6 43. Kc3 Kc6 44. b4 b5 45. Kb3 Kb6 46. a3 Kc6 47.
Kc3 Kb6 48. Kd2 Kc6 49. Ke1 Kb6 50. Kf1 Kc6 51. Kg2 Kd6 52. Kg3 Ke6 53. f4 exf3
54. Bxf3 Nxf3 55. Kxf3 Kf6 56. e4 Ke6 57. exd5+ Kxd5 58. Ke3 Kc4 59. Ke4 Kb3
60. d5 Kxa3 61. d6 Kxb4 62. d7 a5 63. d8=Q a4 64. Qd4+ Kb3 65. Ke5 Ka2 66. Qb4
a3 67. Qxb5 Ka1 68. Qa4 a2 69. Qxa2+ Kxa2 70. Kf6 1-0

[Event "Ì13Ï"]
[Site "Loo"]
[Date "2017.04.23"]
[Round "4.61"]
[White "Íàëüãèåâ, Ðóñëàí."]
[Black "Äåìåõèí, Ìàêñèì."]
[Result "0-1"]
[WhiteElo "1243"]
[BlackElo "1442"]
[PlyCount "88"]
[EventDate "2017.04.20"]

1. d4 d5 2. c4 e6 3. Nc3 Be7 4. e3 Nf6 5. Nf3 O-O 6. Bd3 c6 7. Qc2 Nbd7 8. Ne5
h6 9. O-O Nxe5 10. dxe5 Nd7 11. f4 Qb6 12. Kh1 Nc5 13. Na4 Nxa4 14. Qxa4 Rd8
15. Qc2 Bd7 16. Bd2 Rac8 17. a4 a5 18. e4 Be8 19. Rf3 Rc7 20. Rc1 Rdc8 21. c5
Qa7 22. Qc3 b6 23. cxb6 Qxb6 24. Be3 c5 25. exd5 exd5 26. Bd2 c4 27. Bc2 Bb4
28. Qe3 d4 29. Qf2 Bc5 30. Qg3 d3 31. Bb1 Qxb2 32. Qe1 Bb6 33. Bc3 Qa3 34. Rg3
Bf2 35. Rxg7+ Kxg7 36. e6+ f6 37. Bxf6+ Kxf6 38. Qe5+ Ke7 39. Qg7+ Kxe6 40.
Qe5+ Kd7 41. Qf5+ Kd8 42. Qd5+ Ke7 43. Qe5+ Kf7 44. Rxc4 Qc1+ 0-1

[Event "Ì13Ï"]
[Site "Loo"]
[Date "2017.04.23"]
[Round "4.63"]
[White "Êîíîòîï, Òèìîôåé."]
[Black "Ãîðáóíîâ, Âëàäèñëàâ."]
[Result "1-0"]
[WhiteElo "1397"]
[BlackElo "1282"]
[PlyCount "91"]
[EventDate "2017.04.20"]

1. e4 e5 2. Nf3 Nf6 3. Nxe5 d6 4. Nf3 Nxe4 5. Nc3 Nxc3 6. dxc3 Be7 7. Bf4 Nc6
8. Qd2 Be6 9. O-O-O a5 10. Nd4 Nxd4 11. cxd4 Bxa2 12. d5 O-O 13. Bd3 a4 14. Qe2
Re8 15. Bxh7+ Kxh7 16. Qh5+ Kg8 17. Rd3 Bf6 18. Rh3 Kf8 19. Qh8+ Ke7 20. Re3+
Kd7 21. Qh3+ Re6 22. dxe6+ fxe6 23. Rd1 Kc8 24. Be5 Ra5 25. Bxf6 Qxf6 26. Rc3
Qf4+ 27. Qe3 Qxe3+ 28. fxe3 Kd7 29. Rf1 e5 30. b3 axb3 31. cxb3 Rd5 32. Kb2
Bxb3 33. Kxb3 Rd2 34. Rc2 Rxc2 35. Kxc2 Ke7 36. Kc3 g6 37. Ra1 Kd7 38. Ra8 c5
39. Rg8 b5 40. Rxg6 Kc6 41. h4 Kd5 42. h5 b4+ 43. Kc2 c4 44. h6 c3 45. h7 Kc4
46. Rg4+ 1-0

[Event "Ì13Ï"]
[Site "Loo"]
[Date "2017.04.23"]
[Round "4.64"]
[White "Êàëèíèí, Ìàòâåé."]
[Black "Áðèëèàíòîâ, Àëåêñàíäð."]
[Result "1-0"]
[WhiteElo "1345"]
[BlackElo "1189"]
[PlyCount "83"]
[EventDate "2017.04.20"]

1. e4 c5 2. d3 Nc6 3. Nf3 g6 4. g3 Bg7 5. Bg2 e5 6. O-O Nge7 7. Nbd2 O-O 8. Re1
d6 9. Nc4 h6 10. a4 Be6 11. Nfd2 Qd7 12. c3 f5 13. f4 fxe4 14. Nxe4 Bxc4 15.
dxc4 Rad8 16. Re2 Qe6 17. b3 b6 18. Nf2 Qd7 19. Bh3 Qc7 20. Be6+ Kh7 21. Qc2
Rf6 22. Bd5 Rd7 23. Ne4 Rf8 24. Be6 Rdd8 25. Qd3 Nc8 26. Bd2 Rfe8 27. Bxc8 Qxc8
28. Be3 Qe6 29. Rd1 exf4 30. Bxf4 Be5 31. Rde1 Re7 32. Qd5 Rc8 33. Bxe5 Nxe5
34. Rd1 Nf3+ 35. Kg2 Qxd5 36. Rxd5 Rf8 37. Ng5+ Nxg5 38. Rxe7+ Kg8 39. Rxd6 Rf3
40. Rd8+ Rf8 41. Rxf8+ Kxf8 42. Rxa7 1-0

[Event "Ì11Ï"]
[Site "Loo"]
[Date "2017.04.23"]
[Round "4.1"]
[White "Õàðêåâè÷, Ñòåïàí."]
[Black "Øèíêàðîâ, Àðòåì."]
[Result "1-0"]
[WhiteElo "1807"]
[BlackElo "1451"]
[PlyCount "91"]
[EventDate "2017.04.20"]

1. e4 e6 2. d4 d5 3. Nc3 Bb4 4. e5 c5 5. a3 Bxc3+ 6. bxc3 Qa5 7. Bd2 Qa4 8. Nf3
Nc6 9. Be3 c4 10. Be2 Nge7 11. O-O Bd7 12. Re1 h6 13. Nd2 O-O-O 14. Bh5 Rdf8
15. Nf1 g6 16. Be2 f5 17. exf6 Rxf6 18. Ng3 Nf5 19. Bf4 Nfxd4 20. Be5 Nxe5 21.
Qxd4 Rhf8 22. Qxe5 Qxc2 23. Bf3 g5 24. h3 Be8 25. Rac1 Qb2 26. Ra1 Bd7 27. Reb1
Qc2 28. Qd4 b6 29. Rc1 Qa4 30. Qe5 Qc6 31. a4 Be8 32. Ne2 Qc7 33. Qe3 Bc6 34.
Nd4 Bd7 35. Re1 Qd6 36. Qe5 Qxe5 37. Rxe5 Kc7 38. Rae1 Kd6 39. Nb5+ Bxb5 40.
axb5 R8f7 41. R1e2 Re7 42. Bxd5 Kd7 43. Bxc4 Kd6 44. Kf1 Rf4 45. Rxe6+ Rxe6 46.
Bxe6 1-0

[Event "Ì11Ï"]
[Site "Loo"]
[Date "2017.04.23"]
[Round "4.2"]
[White "Ðàæáàäèíîâ, Ðàñóë."]
[Black "×ûíäûãûð, Òàìåðëàí."]
[Result "0-1"]
[WhiteElo "1442"]
[BlackElo "1720"]
[PlyCount "164"]
[EventDate "2017.04.20"]

1. e4 c5 2. Nf3 d6 3. d4 cxd4 4. Nxd4 Nf6 5. Nc3 a6 6. Be3 e5 7. Nb3 Be7 8. f3
Be6 9. Qd2 O-O 10. O-O-O Nbd7 11. g4 b5 12. Kb1 b4 13. Nd5 Bxd5 14. exd5 a5 15.
h4 Nb6 16. Bxb6 Qxb6 17. h5 Nd7 18. g5 f5 19. Bh3 a4 20. Nc1 Nc5 21. Nd3 b3 22.
Nxc5 bxa2+ 23. Kxa2 Qxc5 24. g6 h6 25. Qd3 f4 26. Be6+ Kh8 27. Rh2 Rfb8 28. Qa3
Qc4+ 29. Kb1 Ra6 30. Qd3 Qb4 31. c3 Qb6 32. Qc4 Ra5 33. Rc2 Rb5 34. Rdd2 Qa5
35. Bd7 R5b7 36. Qxa4 Qc5 37. Bc6 Ra7 38. Qe4 Qg1+ 39. Rc1 Ra1+ 40. Kxa1 Qxc1+
41. Ka2 Qxd2 42. Qb1 Qh2 43. Ka3 Qxh5 44. Qg1 Qg5 45. Qa7 Rf8 46. Qd7 e4 47.
fxe4 f3 48. Bb5 f2 49. Bf1 Rd8 50. Qe6 Qf6 51. Qg4 Rf8 52. Qd7 Qe5 53. Qc7 Qxe4
54. Qb7 Qe1 55. Qb5 Qa1+ 56. Kb3 Qa7 57. Kc2 Rb8 58. Qc4 Qe3 59. Qg4 Bg5 60.
Qd1 Qe4+ 61. Qd3 Qxd3+ 62. Bxd3 Kg8 63. b4 Kf8 64. Kd1 Ke7 65. Ke2 Rf8 66. Kf1
Bd2 67. b5 Bxc3 68. Kg2 f1=Q+ 69. Bxf1 Rxf1 70. Kxf1 Bd4 71. Ke2 Kf6 72. Kf3
Kxg6 73. Ke2 Kf5 74. Kd3 Bb6 75. Ke2 g5 76. Kf1 Kf4 77. Kg2 g4 78. Kh1 Kf3 79.
Kh2 g3+ 80. Kh1 g2+ 81. Kh2 g1=Q+ 82. Kh3 Qg3# 0-1

[Event "Ì11Ï"]
[Site "Loo"]
[Date "2017.04.23"]
[Round "4.3"]
[White "ßóðîâ, Åãîð."]
[Black "Ñåðåáðÿêîâ, Ñàââà."]
[Result "1/2-1/2"]
[WhiteElo "1587"]
[BlackElo "1432"]
[PlyCount "229"]
[EventDate "2017.04.20"]

1. d4 d5 2. Bg5 f6 3. Bd2 e5 4. e3 Nh6 5. Bd3 Bf5 6. dxe5 fxe5 7. e4 dxe4 8.
Bc4 Bg4 9. Qc1 Bc5 10. Ne2 Nf5 11. Bg5 Be7 12. Bxe7 Qxe7 13. a3 Nd6 14. Bb3
Bxe2 15. Kxe2 Nc6 16. c3 Nf5 17. Ba4 Qc5 18. Bxc6+ Qxc6 19. Kf1 Rd8 20. Kg1 Qd5
21. h3 O-O 22. Kh2 Qd6 23. Re1 Qc6 24. Nd2 e3 25. fxe3 Nh4 26. Re2 Rf7 27. Qe1
Nf5 28. e4 Ne7 29. Nf3 Qf6 30. Re3 Ng6 31. g3 Rdf8 32. Qe2 Qb6 33. Kg2 Qb3 34.
Rd1 Qb6 35. Rd5 c6 36. Rd1 a6 37. Rd2 Rd8 38. h4 Rxd2 39. Qxd2 Qc7 40. Rd3 Nf8
41. c4 Rd7 42. c5 Rxd3 43. Qxd3 Nd7 44. b4 Nf6 45. Qc4+ Kh8 46. Qe6 Qd7 47.
Qxe5 h6 48. Qd6 Qg4 49. Qd8+ Kh7 50. Qd3 Nh5 51. e5+ Kh8 52. Nh2 Nf4+ 53. Kh1
Nxd3 54. Nxg4 Kg8 55. e6 Kf8 56. Ne3 Ke7 57. Nf5+ Kxe6 58. Nxg7+ Kd5 59. Nf5 h5
60. Ng7 Kc4 61. Nxh5 Kb3 62. Nf4 Ne5 63. h5 Nf7 64. g4 Kxa3 65. Ne6 Kxb4 66. g5
a5 67. h6 a4 68. h7 a3 69. Nd4 Kc3 70. g6 a2 71. g7 a1=Q+ 72. Kg2 Qa2+ 73. Kg3
Kxd4 74. g8=Q Kxc5 75. h8=Q Qa3+ 76. Kh4 Qb4+ 77. Kh5 Nxh8 78. Qxh8 Kb5 79. Qb8
b6 80. Qa7 Qe4 81. Qa1 c5 82. Qb2+ Qb4 83. Qe5 Qd4 84. Qe8+ Kc4 85. Qa4+ Kd5
86. Qd7+ Ke4 87. Qg4+ Kd3 88. Qd1+ Kc3 89. Qa1+ Kb3 90. Qb1+ Qb2 91. Qd3+ Kb4
92. Qe4+ c4 93. Qe7+ Kb3 94. Qe3+ c3 95. Qxb6+ Kc2 96. Qg6+ Kc1 97. Qg1+ Kc2
98. Qf2+ Kb3 99. Qf7+ Ka4 100. Qa7+ Kb3 101. Qf7+ Kb4 102. Qb7+ Kc4 103. Qc6+
Kd3 104. Qd5+ Ke2 105. Qg2+ Kd1 106. Qf1+ Kd2 107. Qf2+ Kd3 108. Qf5+ Kd4 109.
Qf4+ Kc5 110. Qe5+ Kb4 111. Qd6+ Kb3 112. Qd5+ Ka3 113. Qa5+ Kb3 114. Qd5+ Kc2
115. Qe4+ 1/2-1/2